000 00445cam a22001934a 4500
005 20250605164146.0
008 250528s ||||||||||||||||||||||||d
035 _a19176
020 _a871961075
040 _aGR-AtMCL
_bgre
_dGR-AtMCL
_eAACR2
245 1 _aNews Dictionary
260 _c1979
300 _a412
700 1 _aFacts On File
_95418
700 1 _aPaneth Donald
_95419
942 _cBK
999 _c4450
_d4450